| 000 | 00673nam a22001817a 4500 | ||
|---|---|---|---|
| 005 | 20220804132914.0 | ||
| 008 | 220804b mx ||||| |||| 00| 0 spa d | ||
| 020 | _a9683600018 | ||
| 050 | 0 | 4 |
_aML1715 _bD53 1986 |
| 100 | 1 | _aDiaz Du-pond, Carlos | |
| 245 | 1 | 3 |
_aLa Opera en México de 1924 a 1984 : _bTestimonio operistico / _cCarlos Díaz du-pond |
| 250 | _aSegunda edición | ||
| 260 |
_aMéxico : _bUniversidad Nacional Autónoma de México : _bInstituto de Investigaciones Estéticas, _c1986 |
||
| 300 |
_a418 paginas ; _c23 cm. |
||
| 490 | 0 |
_aCuadernos de historia del arte ; _v42 |
|
| 650 | 7 |
_2lemb _aÓpera _zMéxico _xHistoria y critica |
|
| 942 |
_2lcc _cLIB |
||
| 999 |
_c163521 _d163519 |
||